Estudos em gestão de pessoas no serviço público / (Record no. 1512)

MARC details
000 -LÍDER
Campo Fixo de Controle 01010nam a2200277 a 4500
001 - NÚMERO DE CONTROLE
Campo de Controle 1512
003 - IDENTIFICAÇÃO DO NÚMERO DE CONTROLE
Campo de Controle BR-CuiBMT
005 - DATA E HORA DA ÚLTIMA ATUALIZAÇÃO
Campo de Controle 20231214192450.0
008 - DADOS FIXOS
Dados Fixos 231213s2014 dfba 000 0 por d
040 ## - AGÊNCIA CATALOGADORA
Código da Agência Catalogadora BR-CuiBMT
Agência que transcreveu o registro BR-CuiBMT
080 ## - Nº DA CLASSIFICAÇÃO DECIMAL UNIVERSAL
Nº Class. CDU 658.3:35.08
Nº edição CDU 2007
090 ## - NÚMERO DE CHAMADA
Nº classificação 658.3:35.08
Cutter E82
245 00 - TÍTULO PRINCIPAL
Título principal Estudos em gestão de pessoas no serviço público /
Indicação de responsabilidade Organizadores Marizaura Reis de Souza Camões, Diogo Ribeiro da Fonseca, Valéria Porto.
260 ## - PUBLICAÇÃO, DISTRIBUIÇÃO, ETC.
Local de publicação Brasília :
Editora ENAP ;
Data 2014.
300 ## - DESCRIÇÃO FÍSICA
N. páginas ou volumes 142 p. :
Ilustrações il. ;
Dimensões 30 cm
490 1# - INDICAÇÃO DE SÉRIE
Título da série Cadernos ENAP ;
Volume/designação sequencial da série 37
504 ## - NOTA DE BIBLIOGRAFIA, ETC.
Nota de bibliografia Inclui bibliografia.
650 ## - ASSUNTO TÓPICO
Cabeçalho tópico ou nome geográfico Gestão de pessoas
Subdivisão geral Políticas públicas
-- Estudo e ensino
650 ## - ASSUNTO TÓPICO
Cabeçalho tópico ou nome geográfico Administração pública
Subdivisão geral Capacitação profissional
650 ## - ASSUNTO TÓPICO
Cabeçalho tópico ou nome geográfico Administração de pessoal
Subdivisão geral Qualidade de vida no trabalho
700 ## - ENTRADA SECUNDÁRIA -- NOME PESSOAL
Nome pessoal Camões, Marizaura Reis de Souza
Cód. do termo explicativo Org.
700 ## - ENTRADA SECUNDÁRIA -- NOME PESSOAL
Nome pessoal Fonseca, Diogo Ribeiro da
Cód. do termo explicativo Org.
700 ## - ENTRADA SECUNDÁRIA -- NOME PESSOAL
Nome pessoal Porto, Valéria
Cód. do termo explicativo Org.
830 ## - ENTRADA SECUNDÁRIA DE SÉRIE -- TÍTULO UNIFORME
Título uniforme Cadernos ENAP ;
Nº do volume/designação sequencial da série 37
942 ## - ELEMENTOS DE ENTRADA ADICIONAIS (KOHA)
Fonte de classificação ou esquema de arquivamento Classificação Decimal Universal
Tipo de item do Koha Livros
Holdings
Estado: removido Estado: perdido Fonte de classificação ou esquema de arquivamento Estado: danificado Indisponível para empréstimo Localização permanente Localização atual Data de aquisição Total Checkouts Número de Chamada completo Código de barras Date last seen Número do exemplar Preço efetivo a partir de Tipo de item (Koha)
    Classificação Decimal Universal     Biblioteca da Escola Superior de Contas do TCE/MT Biblioteca da Escola Superior de Contas do TCE/MT 13/12/2023   658.3:35.08 E82 BIBTCEMT23120436 13/12/2023 Ex. 1 13/12/2023 Livros

Powered by Koha